书目信息 |
| 题名: |
国学研究
|
|
| 作者: | 袁行霈 主编 | |
| 分册: | 第二十一卷 | |
| 出版信息: | 北京 北京大学出版社 2008.06 |
|
| 页数: | 410页 | |
| 开本: | 26cm | |
| 丛书名: | ||
| 单 册: | ||
| 中图分类: | Z126.27-53 | |
| 科图分类: | ||
| 主题词: | 国学--guo xue--中国--文集 | |
| 电子资源: | ||
| ISBN: | 978-7-301-13685-0 | |
| 000 | 00835nam0 2200241 450 | |
| 001 | 012009385409 | |
| 005 | 20091015191011.67 | |
| 010 | @a978-7-301-13685-0@dCNY60.00 | |
| 100 | @a20091015d2008 em y0chiy0120 ea | |
| 101 | 0 | @achi |
| 102 | @aCN@b110000 | |
| 105 | @ay z 000yy | |
| 106 | @ar | |
| 200 | 1 | @a国学研究@Aguo xue yan jiu@h第二十一卷@f袁行霈主编@Fyuan xing pei zhu bian |
| 210 | @a北京@c北京大学出版社@d2008.06 | |
| 215 | @a410页@d26cm | |
| 300 | @a北京大学国学研究院中国传统文化研究中心 | |
| 330 | @a本书主要内容包括:《海药本草》的外来药物与中外文化背景;“思孟学派”与中国美学;湘君、湘夫人的神格与原型;中西方社会的批评者等。 | |
| 606 | 0 | @a国学@Aguo xue@y中国@j文集 |
| 690 | @aZ126.27-53@v4 | |
| 701 | 0 | @a袁行霈@Ayuan xing pei@4主编 |
| 801 | 0 | @aCN@bQSSK@c20091015 |
| 905 | @b763010-12@dZ126.27@eY914:21@f3 | |
| 国学研究.第二十一卷/袁行霈主编.-北京:北京大学出版社,2008.06 |
| 410页;26cm |
| 北京大学国学研究院中国传统文化研究中心 |
| ISBN 978-7-301-13685-0:CNY60.00 |
| 本书主要内容包括:《海药本草》的外来药物与中外文化背景;“思孟学派”与中国美学;湘君、湘夫人的神格与原型;中西方社会的批评者等。 |
| ● |
| 相关链接 |
|
|
|
正题名:国学研究
索取号:Z126.27/Y914:21
 
预约/预借
| 序号 | 登录号 | 条形码 | 馆藏地/架位号 | 状态 | 备注 |
| 1 | 763010 | 207630107 | 自科二线504/504自科库 13排2列3层/ [索取号:Z126.27/Y914:21] | 在馆 | |
| 2 | 763011 | 207630116 | 自科库501/501自科库 124排2列5层/ [索取号:Z126.27/Y914:21] | 在馆 | |
| 3 | 763012 | 207630125 | 自科二线504/504自科库 12排3列2层/ [索取号:Z126.27/Y914:21] | 在馆 |